| 000 | 00667nam a22002057a 4500 | ||
|---|---|---|---|
| 005 | 20251108164138.0 | ||
| 008 | 250721s1996 xx 000 0 ara d | ||
| 082 | 1 | 4 | _aم/574.03/هال |
| 100 | 1 | _aهال، و . ج | |
| 245 | 1 | 0 |
_aمعجم البيولوجيا : _bانكليزي - فرنسي -عربي / |
| 264 | 1 |
_aبيروت : _bأكاديميا، _c1996. |
|
| 300 | _a672ص | ||
| 490 | 0 | _aالمعاجم الأكاديمية المتخصصة | |
| 650 | 1 | 7 | _aعلم الأحياء |
| 650 | 1 | 7 | _aمعاجم المصطلحات |
| 700 | 1 | _aمرغام، ج. ب | |
| 700 | 1 |
_aالخنساء، هلا فلاح _eترجمة |
|
| 942 |
_2ddc _cREF |
||
| 999 |
_c4790 _d4790 |
||